000 00545nam a22001697a 4500
003 NUST
038 _aNusrat Nadeem
082 _a200
100 _aAli, Hareem
_997420
245 _aEnhancing Intrapersonal Intelligence for Strong Vocational Identity /
_cHareem Ali
264 _aIslamabad :
_bSEECS, NUST,
_c2022.
300 _a60 p. ;
650 _aMS-Innovative Technologies in Education
_927351
700 _aSupervisor: Dr. Safdar Abbas Khan
_997418
856 _uhttp://10.250.8.41:8080/xmlui/handle/123456789/30011
942 _2ddc
_cSC
999 _c591053
_d591053